000 00476nam a2200145 4500
005 20260420101332.0
008 260420b |||||||| |||| 00| 0 eng d
020 _a978-93-525-3179-0
100 _aTheraja B. L & Theraja A.K
245 _aA Textbook of Electrical Technology in S.I System of Units
_c/B.L & A.K Theraja
250 _a24th ed
260 _aRam Nagar, New Delhi India;
_bS.Chand & Company PVT. LTD;
_c2017
300 _axxxii,2750p.ill;
_c25.2cm
942 _2lcc
_n0
_cBK
999 _c228
_d228